000 00403nam a2200145Ia 4500
008 211109s9999||||xx |||||||||||||| ||und||
082 _a894.8123
_bVIJ-S
100 _aVijayan, O V
245 0 _aSaga Of Dharmapuri
260 _bDC Books
_aKottayam
_c1985
300 _a160p
630 _xGENERAL STACK
650 _aMalayalam literature
_vMalayalam fiction
_xLiterature & rhetoricEnglish
942 _cBOOK
999 _c45123
_d45123